000 00811nam a22001937a 4500
999 _c58581
_d58581
003 Ge_BSU
005 20220607112320.0
008 220607s2019 ge ||||| |||| 00| 0 geo d
020 _a9789941819711
041 _ageo
080 _a1(075.8) ი-27
100 _aიასპერსი, კარლ
_913943
245 _aფილოსოფიის შესავალი /
_cკარლ იასპერსი ; გერმანულიდან თარგმნა ვახტანგ გორგიშელმა.
264 _aთბილისი :
_bაქტი,
_c2019.
300 _a138 გვ. ;
_b19 სმ.
653 _aფილოსოფია.
700 _aგორგიშელი, ვახტანგ
_eმთარგმნელი
_913944
942 _2udc
_cBK